Pays par frontières dans 15 secondes - Statistiques

Statistiques générales
  • Ce quiz a été pris 4 147 fois
  • Le résultat moyen est 58 sur 159
Réponses sur la Carte
Les réponses sont colorées sur une échelle allant du rouge au vert en fonction du pourcentage des utilisateurs qui les ont devinées à leur premier essai. Vous pouvez retrouver ces pourcentages ci-dessous.
 
Statistiques - réponses
Country % Correct
Chine
92%
France
92%
Russie
92%
Brésil
91%
Kazakhstan
91%
Mongolie
91%
Corée du Nord
90%
Suriname
89%
Pologne
84%
Ukraine
82%
Biélorussie
81%
Azerbaïdjan
80%
Finlande
79%
Géorgie
79%
Lituanie
79%
Norvège
79%
Estonie
78%
Lettonie
78%
Pakistan
77%
Inde
76%
Bhoutan
75%
Myanmar
75%
Népal
75%
Allemagne
71%
Etats-Unis
71%
République Centrafricaine
71%
Suisse
71%
Bolivie
68%
Canada
68%
Mexique
68%
Soudan du Sud
68%
Argentine
67%
Belgique
66%
Luxembourg
66%
Pays-Bas
66%
Paraguay
65%
Pérou
65%
Rép dém du Congo
65%
République du Congo
65%
Italie
64%
Tanzanie
64%
Zambie
64%
Angola
63%
Ouganda
63%
Uruguay
63%
Burundi
62%
Rwanda
62%
Cameroun
61%
Colombie
61%
Espagne
61%
Andorre
60%
Venezuela
60%
Afghanistan
59%
Libye
59%
Guyana
58%
Monaco
58%
Niger
58%
Sint Maarten
57%
Algérie
54%
Gabon
53%
Kirghizistan
53%
Laos
53%
Tadjikistan
53%
Viêt Nam
53%
Mali
52%
Mauritanie
46%
Tchad
40%
Bangladesh
38%
Sri Lanka
38%
Maroc
37%
Soudan
37%
Irak
31%
Tunisie
31%
Autriche
27%
Burkina Faso
27%
Nigeria
25%
Arabie Saoudite
23%
Namibie
23%
Botswana
22%
Turquie
22%
Afrique du Sud
21%
Égypte
21%
Iran
21%
Jordanie
21%
Koweït
21%
Mozambique
21%
Zimbabwe
21%
Lesotho
20%
Oman
20%
Swaziland
20%
Tchéquie
20%
Émirats arabes unis
19%
Yémen
19%
Arménie
18%
Éthiopie
18%
Qatar
18%
Chili
17%
Côte d'Ivoire
17%
Guinée
17%
Sénégal
17%
Turkménistan
17%
Danemark
16%
Érythrée
16%
Hongrie
16%
Bénin
15%
Bulgarie
14%
Guatemala
13%
Roumanie
13%
Slovénie
13%
Belize
12%
Serbie
12%
Slovaquie
10%
Croatie
9%
Macédoine
9%
Indonésie
8%
Malaisie
8%
Monténégro
8%
Saint-Marin
8%
Syrie
8%
Vatican
8%
Bosnie-Herzégovine
7%
Équateur
7%
Israël
7%
Liechtenstein
7%
Papouasie- Nouvelle-Guinée
7%
Timor-Leste
7%
Grèce
6%
Kenya
6%
Kosovo
6%
Moldavie
6%
Palestine
6%
Portugal
6%
Costa Rica
5%
Honduras
5%
Panama
5%
Somalie
5%
Albanie
4%
Djibouti
4%
Ghana
4%
Nicaragua
4%
Salvador
4%
Togo
4%
Guinée-Bissau
3%
Suède
3%
Thaïlande
3%
Brunei
2%
Cambodge
2%
Gambie
2%
Haïti
2%
Irlande
2%
Liban
2%
Liberia
2%
Malawi
2%
Ouzbékistan
2%
République dominicaine
2%
Royaume-Uni
2%
Corée du Sud
1%
Guinée équatoriale
1%
Sierra Leone
1%
Aucun quiz correspondant
Distribution des résultats
% des personnes avec chaque résultat
Percentile par nombre de réponses
Votre historique - résultats
Vous n’avez pas pris ce quiz